| 000 | 00843cab a2200205 4500 | ||
|---|---|---|---|
| 001 | L136186 | ||
| 008 | 070117n2007 000 0 eng u | ||
| 035 | _a(Sirsi) u136186 | ||
| 041 | 0 | _aeng | |
| 100 | 1 | _aCunningham, Daniel | |
| 245 | 0 | 0 | _aFocus Oxfordshire |
| 260 | _c2007 | ||
| 490 | 0 |
_aEstates Gazette _v(0702) 13 January 2007, 101-113(9) |
|
| 520 | _aCovers the reaction to and potential impact of the Westgate redevelopment in Oxford. Suggests that despite little evidence of great demand for office space in the area in 2007, agents are remaining positive and the market should remain stable. Looks at the trend for the development of small, freehold units in the county. | ||
| 590 | _aKA | ||
| 651 | 4 | _aOXFORDSHIRE | |
| 690 | _aPROPERTY-COMMERCIAL PROPERTY-COMMERCIAL PROPERTY MARKET | ||
| 700 | 1 | _aJack, Simon | |
| 942 | _n0 | ||
| 999 |
_c78176 _d78176 |
||